Sports Quiz

Random Sports or Baseball Quiz

Hall of Famers' Managers ('07-'10 Electees) Quiz Stats

 Plays Quiz not verified by Sporcle

Score 0/65 Timer 06:00
0 Plays Today
Hall of Famer Manager % Correct
Rickey HendersonTony LaRussa
88.1%
Goose GossageTony LaRussa
88.1%
Rickey HendersonBilly Martin
86.5%
Goose GossageBilly Martin
86.5%
Rickey HendersonLou Piniella
84.1%
Goose GossageLou Piniella
84.1%
Rickey HendersonBruce Bochy
81.7%
Tony GwynnBruce Bochy
81.7%
Andre DawsonDick Williams
80.2%
Goose GossageDick Williams
80.2%
Tony GwynnDick Williams
80.2%
Rickey HendersonBobby Valentine
75.4%
Jim RiceDarrell Johnson
75.4%
Goose GossageBobby Valentine
75.4%
Cal RipkenDavey Johnson
75.4%
Cal RipkenCal Ripken
75.4%
Cal RipkenEarl Weaver
74.6%
Rickey HendersonCito Gaston
69.8%
Andre DawsonDon Zimmer
69%
Jim RiceDon Zimmer
69%
Goose GossageDon Zimmer
69%
Goose GossageBob Lemon
61.9%
Rickey HendersonGrady Little
59.5%
Rickey HendersonYogi Berra
56.3%
Cal RipkenFrank Robinson
55.6%
Jim RiceJohn McNamara
53.2%
Rickey HendersonArt Howe
52.4%
Tony GwynnJack McKeon
52.4%
Cal RipkenJoe Altobelli
51.6%
Rickey HendersonDallas Green
50%
Goose GossageDallas Green
50%
Goose GossageChuck Tanner
48.4%
Andre DawsonGene Michael
45.2%
Hall of Famer Manager % Correct
Goose GossageGene Michael
45.2%
Rickey HendersonJim Tracy
44.4%
Jim RiceJoe Morgan
41.3%
Goose GossageRoger Craig
40.5%
Goose GossageDick Howser
39.7%
Cal RipkenMike Hargrove
38.1%
Andre DawsonBuck Rodgers
37.3%
Cal RipkenJohnny Oates
34.1%
Andre DawsonRene Lachemann
33.3%
Jim RiceRalph Houk
32.5%
Rickey HendersonTerry Collins
31.7%
Tony GwynnJim Riggleman
31.7%
Cal RipkenRay Miller
31%
Goose GossageBucky Dent
29.4%
Goose GossageLarry Bowa
29.4%
Tony GwynnLarry Bowa
29.4%
Andre DawsonButch Hobson
25.4%
Andre DawsonJohn Boles
21.4%
Andre DawsonBill Virdon
18.3%
Goose GossageClyde King
17.5%
Rickey HendersonSteve Boros
16.7%
Goose GossageSteve Boros
16.7%
Tony GwynnSteve Boros
16.7%
Cal RipkenPhil Regan
16.7%
Andre DawsonJim Fanning
15.1%
Tony GwynnGary Riddoch
15.1%
Rickey HendersonJackie Moore
14.3%
Andre DawsonJim Lefebvre
11.1%
Goose GossagePaul Richards
10.3%
Andre DawsonFrank Lucchesi
7.1%
Andre DawsonCharlie Fox
4.8%
Rickey HendersonJim Marshall
4.8%

You're not logged in!

Compare scores with friends on all Sporcle quizzes.
OR
Log In

Show Comments

Extras

Top Quizzes Today


Score Distribution

Your Account Isn't Verified!

In order to create a playlist on Sporcle, you need to verify the email address you used during registration. Go to your Sporcle Settings to finish the process.

Report this User

Report this user for behavior that violates our Community Guidelines.

Details: